La astrología ante la ciencia / (Record no. 176797)

MARC details
000 -LEADER
campo de control de longitud fija 00795nam a22002415i 4500
001 - NÚMERO DE CONTROL
campo de control 176797
003 - IDENTIFICADOR DE NÚMERO DE CONTROL
campo de control ES-MaACL
005 - FECHA Y HORA DE LA ÚLTIMA TRANSACCIÓN
campo de control 20250811094326.0
008 - DATOS DE LONGITUD FIJA--INFORMACIÓN GENERAL
campo de control de longitud fija 110210s1969 sp ao |||| | spa d
080 ## - NÚMERO DE LA CLASIFICACIÓN DECIMAL UNIVERSAL
Número de la Clasificación Decimal Universal 133.52
100 1# - ENTRADA PRINCIPAL--NOMBRE DE PERSONA
Nombre de persona Gauquelin, Michel.
9 (RLIN) 56022
245 13 - MENCIÓN DEL TÍTULO
Título La astrología ante la ciencia /
Mención de responsabilidad, etc. [Michel Gauquelin ; traducción de Vicente de Artadil].
250 ## - MENCION DE EDICION
Mención de edición 1ª ed.
260 ## - PUBLICACIÓN, DISTRIBUCIÓN, ETC.
Lugar de publicación, distribución, etc. Barcelona :
Nombre del editor, distribuidor, etc. Plaza & Janés,
Fecha de publicación, distribución, etc. 1969.
300 ## - DESCRIPCIÓN FÍSICA
Extensión 255 p. :
Otras características físicas il. bl. y n. ;
Dimensiones 18 cm.
490 1# - MENCIÓN DE SERIE
Mención de serie Enciclopedia Horizonte ;
Designación de volumen o secuencia 3
504 ## - NOTA DE BIBLIOGRAFÍA, ETC.
Nota de bibliografía, etc. Bibliografía: p. 251-255.
650 07 - PUNTO DE ACCESO ADICIONAL DE MATERIA--TÉRMINO DE MATERIA
Término de materia o nombre geográfico como elemento de entrada Astrología
Fuente del encabezamiento o término embne
9 (RLIN) 10384
700 0# - ENTRADA AGREGADA--NOMBRE PERSONAL
Nombre de persona Artadi, Vicente de.
9 (RLIN) 23414
830 0# - PUNTO DE ACCESO ADICIONAL DE SERIE-TÍTULO UNIFORME
Título uniforme Enciclopedia Horizonte ;
Designación de volumen o secuencia 3
9 (RLIN) 190248
852 ## - LOCALIZACIÓN
Ubicación ES-MaACL
Número de control de estantería E-14272
Encuadernación Olim P-1404
Holdings
Estatus retirado Estado de pérdida Estado de daño No para préstamo Biblioteca de origen Biblioteca actual Ubicación en estantería Fecha de adquisición Fuente de adquisición Total de préstamos Signatura topográfica completa Código de barras Visto por última vez Precio de reemplazo Tipo de ítem Koha
        Biblioteca del Ateneo de Madrid Biblioteca del Ateneo de Madrid Depósito 2 10/02/2011     E-14272 1185689 23/02/2023 23/02/2023 Libro impreso